Compiègne - Choix multiples - Statistiques

Statistiques générales
  • Ce quiz a été pris 72 fois
  • Le résultat moyen est 6 sur 10
Statistiques - réponses
Question Réponse % Correct
Dans quelle région administrative française créée en 1960 et disparue en 2016 se situe Compiègne ? La Picardie
97%
De quelle course cycliste Compiègne est-elle la ville départ chaque année depuis 1977 ? Paris-Roubaix
86%
Quelle héroïne de l'histoire de France fut capturée à Compiègne par les Bourguignons ? Sainte Jeanne d'Arc
80%
Quelle bourgade située à une dizaine de kilomètres à l'est de Compiègne, est connue pour être le lieu officiel où furent signés les armistices de 1918 et de 1940, bien qu'en réalité, ce lieu soit toujours à Compiègne ? Rethondes
77%
Comment appelle-t-on les petites confiseries à base de nougatine typiques de Compiègne ? Les picantins
70%
Comment appelle-t-on la torture et l'exécution d'une personne qui, comme les carmélites de Compiègne sous la Révolution, refuse d'abjurer sa foi sous la contrainte et accepte de mourir pour ses convictions religieuses ? Le martyre
59%
Quel fichier a été élaboré par le service national de police scientifique après le combat de Marie-Pierre Mazier, afin que soit identifié l'assassin de sa fille Angélique, poignardée à Compiègne, en octobre 1996 ? Le Fichier national automatisé des empreintes génétiques (Le F.N.A.E.G.)
30%
Quelle dynastie des Rois de France fut la première à séjourner régulièrement au palais de Compiègne, devenu le château de Compiègne ? Les Mérovingiens
28%
Reconnaissez-vous sur l'une des photographies suivantes le château de Pierrefonds, situé à moins de 15 km de Compiègne ?
23%
Qui est l'auteur du scénario "Le Dialogue des carmélites", version romancée de l'exécution des carmélites de Compiègne, pièce publiée à titre posthume et qui deviendra un film avec Jeanne Moreau ? Georges Bernanos
19%
Aucun quiz correspondant
Distribution des résultats
% des personnes avec chaque résultat
Percentile par nombre de réponses
Votre historique - résultats
Vous n’avez pas pris ce quiz